Witch Facts - Statistics

General Stats
  • This quiz has been taken 21,775 times
  • The average score is 13 of 18
Answer Stats
Hint Answer % Correct
Household object that a witch uses to fly Broom
99%
Town in Massachusetts known for its witch trials in 1692–93 Salem
92%
School for witches and wizards which Hermione Granger attended Hogwarts
91%
Long-haired fairy tale heroine who is imprisoned in a tower by a witch Rapunzel
91%
Fairy tale heroine who is the victim of a witch's poison apple Snow White
91%
Fictional land in which "The Lion, the Witch and the Wardrobe" takes place Narnia
87%
Animated movie whose villain was a sea witch named Ursula The Little Mermaid
84%
Fictional land where the Wicked Witch of the West lived Oz
83%
Fairy tale heroine tormented by a witch named Maleficent Sleeping Beauty
77%
A male witch is known as a wizard or sometimes this other W word Warlock
74%
A group of witches is known as a ... Coven
70%
This young girl and her brother encountered a witch living in a gingerbread house Gretel
70%
Movie about young filmmakers who went looking for a witch in the woods. This videotape is all that survived. The Blair Witch Project
66%
Shakespeare play which features witches boiling a cauldron with ingredients such as eye of newt MacBeth
63%
In the Marvel universe, Wanda Maximoff is also known as this The {Scarlet} Witch
60%
Modern pagan religion founded by a retired British civil servant in 1954 Wicca
43%
Sorceress who lives in the realm of King Arthur Morgan le Fay
33%
According to Monty Python, you can tell if someone's a witch if they weigh the same as a ____ Duck
30%
No matching quizzes found
Score Distribution
Percent of People with Each Score
Percentile by Number Answered
Your Score History
You have not taken this quiz